[Event "Oberliga Ost-B 1819"]
[Site "Germany"]
[Date "2018.10.21"]
[Round "1.6"]
[White "Kayser, Felix"]
[Black "Graf, Gerd"]
[Result "1/2-1/2"]
[WhiteElo "2154"]
[BlackElo "2236"]
[PlyCount "76"]
[EventDate "2018.10.21"]
[EventType "team-tourn"]
[EventRounds "11"]
[EventCountry "GER"]
[SourceTitle "EXT 2020"]
[Source "ChessBase"]
[SourceDate "2019.10.17"]
[SourceVersion "1"]
[SourceVersionDate "2019.10.17"]
[SourceQuality "1"]
[WhiteTeam "Wiesbaden"]
[BlackTeam "Nied Koenig"]
[WhiteTeamCountry "GER"]
[BlackTeamCountry "GER"]

1. e4 e6 2. d4 d5 3. exd5 exd5 4. Bd3 c5 5. Qe2+ Be7 6. dxc5 Nf6 7. Nf3 0-0 8. 0-0 Bxc5 9. Bg5 Bg4 10. h3 Be6 11. Nbd2 Nc6 12. Nb3 Bb6 13. Qd2 h6 14. Bh4 a5 15. c3 a4 16. Nbd4 Nxd4 17. Nxd4 Bxd4 18. cxd4 Ne4 19. Bxe4 Qxh4 20. Bf3 g5 21. Rfe1 Rfc8 22. Rac1 Qf4 23. Qxf4 gxf4 24. Kf1 Kf8 25. Ke2 Ke7 26. Kd2 Kd6 27. a3 Rab8 28. Rh1 b6 29. h4 Rxc1 30. Rxc1 Rg8 31. Ke2 Bf5 32. Rc3 Re8+ 33. Kd2 Rg8 34. b3 axb3 35. Rxb3 Kc6 36. Rc3+ Kd6 37. Rb3 Kc6 38. Rc3+ Kd6 1/2-1/2

[Event "Oberliga Ost-B 1718"]
[Site "Germany"]
[Date "2018.02.04"]
[Round "7.6"]
[White "Rosenberger, Frank"]
[Black "Graf, Gerd"]
[Result "1/2-1/2"]
[WhiteElo "2110"]
[BlackElo "2231"]
[PlyCount "51"]
[EventDate "2017.10.22"]
[EventType "team-tourn"]
[EventRounds "11"]
[EventCountry "GER"]
[SourceTitle "EXT 2019"]
[Source "ChessBase"]
[SourceDate "2018.10.10"]
[SourceVersion "1"]
[SourceVersionDate "2018.10.10"]
[SourceQuality "1"]
[WhiteTeam "Gernsheim"]
[BlackTeam "Frankfurt Koenig Nied"]
[WhiteTeamCountry "GER"]
[BlackTeamCountry "GER"]

1. e4 e6 2. d4 d5 3. Nc3 Bb4 4. exd5 exd5 5. Bd3 Nf6 6. Nge2 0-0 7. 0-0 c5 8. dxc5 Bxc5 9. Bg5 Nc6 10. Nf4 Be6 11. Nfxd5 Bxd5 12. Nxd5 Qxd5 13. Bxf6 Qd6 14. Qh5 g6 15. Qh4 Bd4 16. Bxd4 Nxd4 17. Qe4 Rfe8 18. Qxb7 Rab8 19. Qxa7 Rxb2 20. Rad1 Qf4 21. Rde1 Rxe1 22. Rxe1 Nxc2 23. Bxc2 Rxc2 24. a4 Rd2 25. a5 Qb4 26. Qe3 1/2-1/2

[Event "Oberliga Ost-B 1516"]
[Site "Germany"]
[Date "2016.02.21"]
[Round "8.4"]
[White "Risius, Philipp"]
[Black "Graf, Gerd"]
[Result "1-0"]
[WhiteElo "1922"]
[BlackElo "2214"]
[PlyCount "89"]
[EventDate "2015.09.20"]
[EventType "team-tourn"]
[EventRounds "11"]
[EventCountry "GER"]
[SourceTitle "EXT 2017"]
[Source "ChessBase"]
[SourceDate "2016.10.25"]
[SourceVersion "1"]
[SourceVersionDate "2016.10.25"]
[SourceQuality "1"]
[WhiteTeam "Giessen"]
[BlackTeam "Nied"]
[WhiteTeamCountry "GER"]
[BlackTeamCountry "GER"]

1. d4 g6 2. e4 d6 3. Nf3 Nf6 4. Nc3 Bg7 5. Be3 c6 6. Qd2 Qa5 7. Bd3 Nbd7 8. h3 0-0 9. 0-0 e5 10. Nd5 Qxd2 11. Ne7+ Kh8 12. Nxd2 exd4 13. Bxd4 Nc5 14. Nxc8 Raxc8 15. f4 Nxd3 16. cxd3 c5 17. Bc3 b5 18. b3 Nd7 19. Bxg7+ Kxg7 20. a4 b4 21. Nc4 Rc6 22. Rad1 Re8 23. Rfe1 Nf8 24. d4 cxd4 25. Rxd4 Ne6 26. Rxd6 Rxd6 27. Nxd6 Rd8 28. e5 Nxf4 29. Re4 g5 30. Rxb4 Rd7 31. Re4 Kg6 32. g3 Nd3 33. e6 fxe6 34. Rxe6+ Kg7 35. Nf5+ Kf7 36. Rh6 Rd5 37. Rxh7+ Ke6 38. g4 Ke5 39. Re7+ Kf4 40. Kg2 Ne5 41. Ng3 Rd2+ 42. Kf1 a5 43. Ne2+ Kf3 44. Ng1+ Kf4 45. Rxe5 1-0

[Event "Oberliga Ost-B 1516"]
[Site "Germany"]
[Date "2016.02.20"]
[Round "9.4"]
[White "Graf, Gerd"]
[Black "Riedel, Finn"]
[Result "1/2-1/2"]
[WhiteElo "2214"]
[BlackElo "2102"]
[PlyCount "53"]
[EventDate "2015.09.20"]
[EventType "team-tourn"]
[EventRounds "11"]
[EventCountry "GER"]
[SourceTitle "EXT 2017"]
[Source "ChessBase"]
[SourceDate "2016.10.25"]
[SourceVersion "1"]
[SourceVersionDate "2016.10.25"]
[SourceQuality "1"]
[WhiteTeam "Nied"]
[BlackTeam "Weimar"]
[WhiteTeamCountry "GER"]
[BlackTeamCountry "GER"]

1. Nf3 b6 2. g3 Bb7 3. Bg2 c5 4. d3 g6 5. e4 Bg7 6. 0-0 d6 7. a4 Nf6 8. Na3 0-0 9. Re1 Nbd7 10. Nd2 Qc7 11. Nb5 Qb8 12. Nc3 e5 13. Nc4 a6 14. f4 b5 15. Na5 b4 16. Nb1 Bc8 17. Nc6 Qc7 18. Ne7+ Kh8 19. Nxc8 Raxc8 20. Nd2 exf4 21. gxf4 Nh5 22. Nf3 Rce8 23. Bh3 d5 24. e5 Bh6 25. d4 Bxf4 26. Bg4 Rg8 27. Kh1 1/2-1/2

[Event "Oberliga Ost-B 1516"]
[Site "Germany"]
[Date "2015.10.11"]
[Round "3.4"]
[White "Weichhold, Pawel"]
[Black "Graf, Gerd"]
[Result "0-1"]
[WhiteElo "2415"]
[BlackElo "2214"]
[PlyCount "84"]
[EventDate "2015.09.20"]
[EventType "team-tourn"]
[EventRounds "11"]
[EventCountry "GER"]
[SourceTitle "EXT 2017"]
[Source "ChessBase"]
[SourceDate "2016.10.25"]
[SourceVersion "1"]
[SourceVersionDate "2016.10.25"]
[SourceQuality "1"]
[WhiteTeam "Heusenstamm"]
[BlackTeam "Nied"]
[WhiteTeamCountry "GER"]
[BlackTeamCountry "GER"]

1. e4 e6 2. d4 d5 3. Nc3 Bb4 4. e5 b6 5. a3 Bf8 6. h4 Ba6 7. Bxa6 Nxa6 8. Qd3 Nb8 9. h5 Qd7 10. Nce2 c5 11. Nf3 c4 12. Qd1 Nc6 13. Bg5 Nh6 14. Qc1 Ne7 15. Nh2 Neg8 16. Ng3 f6 17. exf6 gxf6 18. Bf4 0-0-0 19. 0-0 Nf7 20. Nf3 Bd6 21. Re1 Re8 22. Bxd6 Qxd6 23. b3 Ngh6 24. bxc4 dxc4 25. Ne4 Qd8 26. Qf4 f5 27. Ned2 Rhg8 28. Nxc4 Rg4 29. Qe3 Qd5 30. Ncd2 Ng5 31. c4 Qb7 32. d5 Qg7 33. Nxg5 Rxg5 34. g3 Ng4 35. Qf3 e5 36. Qc3 Rxh5 37. Nf3 Qh6 38. Nh4 Rxh4 39. gxh4 Rg8 40. Qh3 Qf4 41. Rf1 Nxf2+ 42. Qg2 Nh3+ 0-1

[Event "Hessenliga 1213"]
[Site "Germany"]
[Date "2012.11.04"]
[Round "3.5"]
[White "Sehn, Norbert"]
[Black "Graf, Gerd"]
[Result "0-1"]
[WhiteElo "2065"]
[BlackElo "2214"]
[PlyCount "92"]
[EventDate "2012.09.16"]
[EventType "team-tourn"]
[EventRounds "9"]
[EventCountry "GER"]
[SourceTitle "EXT 2014"]
[Source "ChessBase"]
[SourceDate "2013.11.20"]
[SourceVersion "1"]
[SourceVersionDate "2013.11.20"]
[SourceQuality "1"]
[WhiteTeam "Fulda"]
[BlackTeam "Nied"]
[WhiteTeamCountry "GER"]
[BlackTeamCountry "GER"]

1. d4 g6 2. Nf3 Bg7 3. e4 d6 4. c3 Nf6 5. Bd3 0-0 6. 0-0 Nc6 7. Be3 a6 8. a4 Ng4 9. Bg5 h6 10. Bh4 Qe8 11. h3 Nf6 12. Nbd2 e5 13. dxe5 Nxe5 14. Nxe5 dxe5 15. Bxf6 Bxf6 16. Nc4 Be6 17. Ne3 Qc6 18. Qe2 Rad8 19. Rfd1 Bg5 20. Bc2 Qc5 21. Rxd8 Rxd8 22. Rd1 Rxd1+ 23. Nxd1 a5 24. Kh2 h5 25. g3 h4 26. Kg2 Kg7 27. Qf3 c6 28. Qd3 b5 29. axb5 cxb5 30. b3 Qc6 31. Ne3 Bxe3 32. Qxe3 a4 33. c4 axb3 34. Bxb3 bxc4 35. Bc2 hxg3 36. fxg3 Qd6 37. Qc3 Qd4 38. Qe1 Bd7 39. Qe2 Bc6 40. g4 f5 41. gxf5 gxf5 42. Kg3 Bxe4 43. Ba4 Qd3+ 44. Kf2 Qxe2+ 45. Kxe2 c3 46. Ke3 Kg6 0-1

[Event "Hessenliga 1112"]
[Site "Germany"]
[Date "2012.01.29"]
[Round "5.6"]
[White "Graf, Gerd"]
[Black "Syperek, Sebastian"]
[Result "1/2-1/2"]
[WhiteElo "2209"]
[BlackElo "2198"]
[PlyCount "62"]
[EventDate "2011.09.25"]
[EventType "team-tourn"]
[EventRounds "9"]
[EventCountry "GER"]
[SourceTitle "EXT 2013"]
[Source "ChessBase"]
[SourceDate "2012.11.22"]
[SourceVersion "1"]
[SourceVersionDate "2012.11.22"]
[SourceQuality "1"]
[WhiteTeam "Nied"]
[BlackTeam "Eppstein"]
[WhiteTeamCountry "GER"]
[BlackTeamCountry "GER"]

1. Nf3 d5 2. g3 Nf6 3. Bg2 c6 4. 0-0 Bf5 5. d3 h6 6. Nc3 e6 7. a3 Be7 8. Qe1 d4 9. e4 dxe3 10. fxe3 0-0 11. Kh1 Nbd7 12. Bd2 Qc7 13. Rb1 a6 14. e4 Bg4 15. Ne2 c5 16. h3 Bxf3 17. Bxf3 e5 18. g4 c4 19. d4 exd4 20. Nxd4 Rfe8 21. Nf5 Bf8 22. Bg2 Re6 23. Bf4 Qc5 24. Rd1 Rae8 25. Qh4 Ne5 26. Qg3 Ng6 27. Bd6 Bxd6 28. Nxd6 R8e7 29. Nxb7 Rxb7 30. e5 Rxb2 31. exf6 gxf6 1/2-1/2

[Event "Polanica Zdroj op"]
[Site "Polanica Zdroj"]
[Date "1992.??.??"]
[Round "3"]
[White "Graf, Gerd"]
[Black "Borkowski, Franciszek"]
[Result "1-0"]
[WhiteElo "2240"]
[BlackElo "2415"]
[PlyCount "112"]
[EventDate "1992.??.??"]
[EventType "swiss"]
[EventRounds "10"]
[EventCountry "POL"]
[SourceTitle "EXT 1998"]
[Source "ChessBase"]
[SourceDate "1997.11.17"]
[SourceVersion "1"]
[SourceVersionDate "1997.11.17"]
[SourceQuality "1"]

1. d4 Nf6 2. c4 g6 3. Nc3 Bg7 4. e4 d6 5. f4 0-0 6. Nf3 c5 7. d5 a6 8. a4 e6 9. Be2 exd5 10. exd5 Re8 11. 0-0 Ng4 12. h3 Ne3 13. Bxe3 Rxe3 14. Qd2 Re8 15. Bd3 Nd7 16. Rae1 Rxe1 17. Rxe1 Nf6 18. g4 Bd7 19. f5 b5 20. axb5 axb5 21. cxb5 c4 22. Bc2 Qb6+ 23. Qf2 Qxf2+ 24. Kxf2 Ne8 25. Re7 Rd8 26. Nd2 Kf8 27. Re1 Ra8 28. Nxc4 Bxc3 29. bxc3 Bxb5 30. Ne3 Ra2 31. Kf3 g5 32. Rb1 Bd7 33. Ke4 h5 34. gxh5 Nf6+ 35. Kf3 Kg7 36. Rb7 Be8 37. Rb6 Nd7 38. Rxd6 f6 39. Ke4 Ra7 40. Bd1 Ra2 41. Ng4 Rd2 42. h6+ Kf7 43. Bf3 Nc5+ 44. Ke3 Rd3+ 45. Kf2 Rxc3 46. h7 Nd3+ 47. Kg3 Kg7 48. Rd8 Kxh7 49. Rxe8 Nf4 50. d6 Nh5+ 51. Kf2 Rc2+ 52. Re2 Rc3 53. d7 Rd3 54. Re7+ Ng7 55. Nxf6+ Kh6 56. Ng4+ Kh7 1-0

[Event "Wuerzburg op 8th"]
[Site "Wuerzburg"]
[Date "1992.??.??"]
[Round "?"]
[White "Graf, Gerd"]
[Black "Uhlmann, Wolfgang"]
[Result "0-1"]
[WhiteElo "2240"]
[BlackElo "2495"]
[PlyCount "56"]
[EventDate "1992.06.09"]
[EventType "swiss"]
[EventRounds "9"]
[EventCountry "GER"]
[SourceTitle "EXT 1997"]
[Source "ChessBase"]
[SourceDate "1996.11.15"]
[SourceVersion "1"]
[SourceVersionDate "1996.11.15"]
[SourceQuality "1"]

1. e4 e6 2. d4 d5 3. Nc3 Bb4 4. Bd2 dxe4 5. Qg4 Nf6 6. Qxg7 Rg8 7. Qh6 Rg6 8. Qh4 Nbd7 9. 0-0-0 Bxc3 10. Bxc3 b6 11. Bb5 Bb7 12. Ne2 Nd5 13. Qxh7 Qf6 14. Qh3 0-0-0 15. Be1 e3 16. fxe3 Rh8 17. Qf3 Qxf3 18. gxf3 Nxe3 19. Rd3 Bxf3 20. Rg1 Bxe2 21. Bxd7+ Kxd7 22. Rxg6 Bxd3 23. Rg3 Nxc2 24. Rxd3 Nxe1 25. Rg3 Rxh2 26. Kd1 Nc2 27. a3 Nxd4 28. Rd3 e5 0-1